Poesía selecta

Zapisane w:
Opis bibliograficzny
1. autor: VEGA, GARCILASO DE LA (Autor)
Format: Książka
Język:hiszpański
Wydane: Santiago Portada 1985
Seria:<Los >Grandes Autores y sus Obras, 12
Hasła przedmiotowe:
Etykiety: Dodaj etykietę
Nie ma etykietki, Dołącz pierwszą etykiete!

MARC

LEADER 00000nam a2200000 a 4500
001 UCT2517
003 CL-VaPUC
008 961011e19850000CL |||||||||||||||||spa|d
082 0 4 |a 861  |b GAR  |2 21 
100 |a VEGA, GARCILASO DE LA  |e author  |9 508868 
245 1 0 |a Poesía selecta 
300 |a 160 p 
942 |c BK 
945 |d 19961011 00:00:00  |a rleighto 
260 |a Santiago  |b Portada  |c 1985 
650 0 |a Poesías españolas  |9 265100 
583 |a last modification  |c 19961011 00:00:00  |k Rodrigo Vera 
490 0 |a <Los >Grandes Autores y sus Obras, 12 
999 |c 252580  |d 252578 
952 |0 0  |1 0  |4 0  |6 861_000000000000000_GAR_1985  |7 0  |8 A  |9 272506  |a BIBEDU  |b BIBEDU  |c ES_NOD  |d 2019-11-19  |i 3239543  |o 861 GAR 1985  |p 3239543  |r 2023-08-09  |w 2019-11-19  |y BK  |k LIT